00781 a2200193 4500003000500000005001700005010001600022020002800038040000900066082001600075100002500091245011300116250001300229260003300242300003400275505021400309650003600523700002800559Nust20221208120216.0 a 97008134 a0240802586 (alk. paper) cNust00a621.382,MIR1 aMirabito, Michael M.14aThe new communications technologies /cMichael M.A. Mirabito ; with contributions by Barbara L. Morgenstern. a3rd. ed. aBoston :bfocal pressc2004. axii, 256 p. :bill. ;c26 cm. aFoundation (Page-1), Information Transmission (Page-59), Information Storage (Page-119), Production Technologies (Page-135), Information, Entertainment and Communication Services (Page-207), The Law (Page-253) 0aTelecommunications engineering.1 aMorgenstern, Barbara L.